Hranica je čím ďalej, tým menej zreteľná

Nemecký maloobchod mení svoj štýl. Supermarkety sa viac orientujú na bio a miestne výrobky a ponúkajú príjemnejšie prostredie. Ceny pritom stále držia nízko, aby prilákali zákazníkov. Hranica medzi klasickými a diskontnými predajňami je čím ďalej, tým menej zreteľná.

Salvato in:
Dettagli Bibliografici
Autore principale: Kris, Richard
Natura: Capitolo di libro
Lingua:slovacco
Soggetti:
Tags: Aggiungi Tag
Nessun Tag, puoi essere il primo ad aggiungerne!!

MARC

LEADER 00000naa a2200000 4500
001 0222059
005 20160914090600.6
041 0 |a slo 
044 |a CZ 
245 1 0 |a Hranica je čím ďalej, tým menej zreteľná  |c Richard Kris 
520 |a Nemecký maloobchod mení svoj štýl. Supermarkety sa viac orientujú na bio a miestne výrobky a ponúkajú príjemnejšie prostredie. Ceny pritom stále držia nízko, aby prilákali zákazníkov. Hranica medzi klasickými a diskontnými predajňami je čím ďalej, tým menej zreteľná. 
610 2 0 |a maloobchod 
610 2 0 |a zákazníci 
610 2 0 |a spotreba 
610 2 0 |a ceny 
610 2 0 |a konkurencia 
610 2 0 |a kampane reklamné 
610 2 0 |a Nemecko 
100 1 |a Kris, Richard